El problema mundial del trigo y el problema del trigo en España / (Record no. 136699)

MARC details
000 -LEADER
campo de control de longitud fija 00609nam a2200181 i 4500
001 - NÚMERO DE CONTROL
campo de control 136699
003 - IDENTIFICADOR DE NÚMERO DE CONTROL
campo de control ES-MaACL
005 - FECHA Y HORA DE LA ÚLTIMA TRANSACCIÓN
campo de control 20230906195214.0
007 - CAMPO FIJO DE DESCRIPCIÓN FÍSICA--INFORMACIÓN GENERAL
campo de control de longitud fija t|
008 - DATOS DE LONGITUD FIJA--INFORMACIÓN GENERAL
campo de control de longitud fija 070214s1947 sp |||| | spa d
100 1# - ENTRADA PRINCIPAL--NOMBRE DE PERSONA
Nombre de persona Sala Roca, Enrique.
9 (RLIN) 101672
245 13 - MENCIÓN DEL TÍTULO
Título El problema mundial del trigo y el problema del trigo en España /
Mención de responsabilidad, etc. Enrique Sala Roca ; prólogo del Excmo. Sr. D. Pedro Gual Villalbí.
260 ## - PUBLICACIÓN, DISTRIBUCIÓN, ETC.
Lugar de publicación, distribución, etc. Barcelona :
Nombre del editor, distribuidor, etc. [s. n.],
Fecha de publicación, distribución, etc. 1947 (
Fabricante Tip. Emporium)
300 ## - DESCRIPCIÓN FÍSICA
Extensión 120 p. ;
Dimensiones 22 cm.
650 #4 - PUNTO DE ACCESO ADICIONAL DE MATERIA--TÉRMINO DE MATERIA
Término de materia o nombre geográfico como elemento de entrada Trigo-
Subdivisión geográfica España.
9 (RLIN) 155449
700 1# - ENTRADA AGREGADA--NOMBRE PERSONAL
Nombre de persona Gual Villalbí, Pedro.
9 (RLIN) 60287
852 ## - LOCALIZACIÓN
Ubicación ES-MaACL
Número de control de estantería C-5007
Holdings
Estatus retirado Estado de pérdida Estado de daño No para préstamo Biblioteca de origen Biblioteca actual Ubicación en estantería Fecha de adquisición Fuente de adquisición Total de préstamos Signatura topográfica completa Código de barras Visto por última vez Precio de reemplazo Tipo de ítem Koha
        Biblioteca del Ateneo de Madrid Biblioteca del Ateneo de Madrid Sala Palomar 17/01/2008     C-5007 1142265 23/02/2023 23/02/2023 Libro impreso